Cassie & Ike (Record no. 625)

MARC details
000 -LEADER
fixed length control field 00264nam a22001097a 4500
008 - FIXED-LENGTH DATA ELEMENTS--GENERAL INFORMATION
fixed length control field 160623b xxu||||| |||| 00| 0 eng d
100 ## - MAIN ENTRY--PERSONAL NAME
9 (RLIN) 781
Personal name Hanna, M.C
245 ## - TITLE STATEMENT
Title Cassie & Ike
260 ## - PUBLICATION, DISTRIBUTION, ETC. (IMPRINT)
Place of publication, distribution, etc. N.Cali
Name of publisher, distributor, etc. John F.Blair
Date of publication, distribution, etc. 1973
300 ## - PHYSICAL DESCRIPTION
Extent Cassie & Ike
942 ## - ADDED ENTRY ELEMENTS (KOHA)
Source of classification or shelving scheme Dewey Decimal Classification
Koha item type BOOK
Holdings
Withdrawn status Lost status Source of classification or shelving scheme Damaged status Not for loan Home library Current library Shelving location Date acquired Total Checkouts Full call number Barcode Date last seen Price effective from Koha item type
    Dewey Decimal Classification     Good Samaritan School Library Good Samaritan School Library FICTION 06/23/2016   823 HAN1423 06/23/2016 06/23/2016 BOOK

Powered by Koha